| 000 | 003540000a22001450004500 | ||
|---|---|---|---|
| 003 | MACL | ||
| 040 | _aMACL | ||
| 090 |
_c32735 _d32733 |
||
| 100 | _aSabelli, Bruno | ||
| 245 | _aThe Macdonald Encyclopedia of Shells | ||
| 260 |
_bMacdonald Illustrated _c1991 |
||
| 350 | _a874 | ||
| 650 | _aSpecific Topic of Natural history | ||
| 942 |
_cBOOK _k591.477/SAB |
||
| 999 |
_c32400 _d32400 |
||